000 02421nam a2200313Ia 4500
999 _c56385
_d56385
001 23498
003 GE_BSU
005 20260203185845.0
008 181216s1981||||ge |||||||||||||| ||geo||
040 _cGE_BSU
041 _ageo
080 _a94(479.222)"05/17 ს-70
100 _aსოსელია, ო.
_91565
245 _aნარკვევები ფეოდალური ხანის დასავლეთ საქართველოს სოციალურ-პოლიტიკური ისტორიიდან :
_b(სათავადოები). წიგნი 2 /
_cო. სოსელია ; რედ.: ქ. ჩხატარაიშვილი ; საქ. სსრ მეცნიერებათა აკადემია, ივ. ჯავახიშვილის სახ. ისტორიის, არქეოლოგიისა და ეთნოგრაფიის ინ-ტი.
264 _aთბილისი :
_bმეცნიერება,
_c1981.
300 _a218 გვ. ;
_c21სმ.
520 _aრეზიუმე რუსულ ენაზე
541 _h6ლ.
653 _aდასავლეთ საქართველოს ფეოდალური ხანის ისტორია
653 _aნარკვევები ფეოდალური ხანის დასავლეთ საქართველოს სოციალურ-პოლიტიკური ისტორიიდან : (სათავადოები). წიგნი 2
653 _aსაქართველოს ისტორია
653 _aიმერეთის სათავადოები
653 _aოდიშის სათავადოები
653 _aგურიის სათავადოები
700 _aჩხატარაიშვილი, ქ.
_eრედაქტორი
_926717
700 _aხმალაძე, ვ.
_eმხატვარი
_918022
710 _aსაქართველოს სსრ მეცნიერებათა აკადემია
_bივ. ჯავახიშვილის სახელობის ისტორიის, არქეოლოგიისა და ეთნოგრაფიის ინსტიტუტი
_926797
942 _cBK
_2udc